000 00515nam a22001697a 4500
005 20251108164936.0
008 250721s1985 xx 000 0 ara d
082 1 4 _a658/احم
100 1 _aماهر، أحمد
245 1 0 _aالإدارة مدخل بناء المهارات /
264 1 _aالإسكندرية :
_bالمكتب العربي الحديث،
_c1985.
300 _a272ص : رسومات
650 1 7 _aالإدارة
650 1 7 _aتقنيات الإدارة
942 _2ddc
_cBK
999 _c17995
_d17995